[Event "2nd China Binhai Open 2020"]
[Site "Tianjin"]
[Date "2020.01.13"]
[Round "2.16"]
[White "Xu, Minghui"]
[Black "Amilal Munkhdalai"]
[Result "1-0"]
[WhiteElo "2406"]
[BlackElo "2126"]
[PlyCount "125"]
[EventDate "2020.01.13"]
[EventType "swiss"]
[EventRounds "9"]
[EventCountry "CHN"]
[TimeControl "5400+30"]

1. Nf3 Nf6 2. g3 e6 3. Bg2 d5 4. d4 b5 5. a4 b4 6. c4 bxc3 7. Nxc3 Bb4 8. O-O O-O 9. Bf4 Bxc3 10. bxc3 Ba6 11. Ne5 Nfd7 12. Nd3 Nc6 13. e4 Bc4 14. Rb1 Rb8 15. Qc2 Rb6 16. Rfe1 Qc8 17. Rxb6 cxb6 18. Nb2 Ba6 19. exd5 Nb4 20. Qb3 Nxd5 21. Bd6 Re8 22. c4 Ne7 23. Bxe7 Rxe7 24. a5 Re8 25. axb6 axb6 26. Rc1 e5 27. dxe5 Rxe5 28. Qb4 Qc7 29. Nd3 Re8 30. Nf4 Nf6 31. Nd5 Nxd5 32. Bxd5 Rc8 33. Ra1 Bb7 34. Ra7 Rb8 35. c5 Qc8 36. Rxb7 Rxb7 37. Bxb7 Qxb7 38. cxb6 h6 39. h3 g5 40. Qd6 Kg7 41. Qc7 Qe4 42. b7 Qe1+ 43. Kg2 Qe4+ 44. Kh2 Qd4 45. Kg1 Qd1+ 46. Kg2 Qd5+ 47. Kh2 Qd4 48. Qc2 Qb6 49. Qc3+ Kg8 50. Qc8+ Kg7 51. Qc3+ Kg8 52. Qf3 Kg7 53. Kg2 Qb5 54. Qe4 Kf8 55. h4 gxh4 56. gxh4 f5 57. Qf3 Kf7 58. Kh3 Qf1+ 59. Kg3 Qb5 60. Kh2 Ke7 61. Qg3 f4 62. Qa3+ Kf7 63. Qa7 1-0

[Event "2nd China Binhai Open 2020"]
[Site "Tianjin"]
[Date "2020.01.13"]
[Round "2.17"]
[White "Xie, Kaifan"]
[Black "Zhao, Chenxi"]
[Result "0-1"]
[WhiteElo "1905"]
[BlackElo "2396"]
[Annotator "TA"]
[PlyCount "70"]
[EventDate "2020.01.13"]
[EventType "swiss"]
[EventRounds "9"]
[EventCountry "CHN"]

{[%evp 16,70,43,52,71,75,73,94,108,70,78,41,53,28,56,69,75,33,27,41,40,-109,-99,-137,-137,-254,-240,-246,-237,-218,-188,-287,-252,-314,-322,-405,-404,-389,-397,-387,-396,-404,-406,-406,-376,-403,-385,-377,-387,-381,-381,-369,-369,-367,-367,-367,-367]} 1. Nf3 Nf6 2. g3 g6 3. Bg2 Bg7 4. O-O O-O 5. d4 c6 6. c4 d6 7. Nc3 Qa5 8. Bd2 Qh5 9. Qb3 e5 {E62: King's Indian: Fianchetto: 6...c6 and Panno Variation (6...Nc6) without ...a6} (9... d5 10. cxd5 cxd5 11. Ne5 Nc6 12. Nxc6 bxc6 13. Qa4 Bh3 14. Rfc1 Bxg2 15. Kxg2 e5 16. dxe5 Ng4 17. h3 Nxe5 {1-0 (55) Banusz,T (2641)-Nagle,S (2432) chess.com INT 2018}) 10. dxe5 dxe5 11. Ng5 h6 {White is better.} 12. Nge4 Nbd7 13. Nd6 $146 ({Predecessor:} 13. Rad1 Nxe4 14. Nxe4 a5 15. Nd6 Nc5 16. Qb6 Na4 17. Qb3 Nc5 18. Qa3 Ne6 19. Bf3 Qh3 20. Bg2 Qh5 21. Bf3 Qh3 22. Bg2 {½-½ (22) Sargsyan,S (2409)-Nikitenko,M (2408) Kirishi 2017}) 13... Nc5 14. Qb4 Rd8 15. Nxc8 Raxc8 16. Bxh6 b6 ({Don't play} 16... Bxh6 17. Qxc5 Rd7 18. Qxa7 $16) 17. Bxg7 Kxg7 18. f3 (18. h3 $14 {stays ahead.}) 18... Rh8 $36 {[%mdl 2048] Black is really pushing.} 19. h3 Qg5 20. f4 (20. Ne4 $17 {was worth a try.} Ncxe4 21. fxe4) 20... Qxg3 $19 21. Rf3 Qh4 22. fxe5 Qd4+ 23. e3 (23. Rf2 $142 Qxe5 24. Rf3) 23... Qxe5 24. Ne2 Nfe4 25. Raf1 Ng5 {Black is winning.} 26. Rg3 {Now Qc3 and White clings on.} Nce4 27. Bxe4 Nxe4 28. Rgf3 Ng5 {[%mdl 64] [#] Double Attack} 29. Rg3 {If only White now had time for Qc3....} Rxh3 ({Weaker is} 29... Nxh3+ 30. Kg2 $19) 30. Qc3 Rxg3+ {[%mdl 64] Overworked Piece} 31. Nxg3 Qxc3 32. bxc3 Re8 33. Kf2 Ne4+ 34. Nxe4 Rxe4 35. c5 b5 {Accuracy: White = 51%, Black = 86%.} 0-1

[Event "2nd China Binhai Open 2020"]
[Site "Tianjin"]
[Date "2020.01.13"]
[Round "2.18"]
[White "Ning, Kaiyu"]
[Black "Zhang, Di"]
[Result "1/2-1/2"]
[WhiteElo "2353"]
[BlackElo "2013"]
[Annotator "TA"]
[PlyCount "140"]
[EventDate "2020.01.13"]
[EventType "swiss"]
[EventRounds "9"]
[EventCountry "CHN"]

{[%evp 9,140,18,63,41,59,66,119,96,99,122,286,300,296,291,257,250,235,198,228,250,264,265,302,237,237,224,217,221,216,166,229,159,135,133,142,81,87,72,99,83,99,82,89,92,105,94,113,114,147,85,88,93,129,107,124,107,451,108,109,105,194,139,147,126,157,126,149,126,149,142,152,145,147,68,230,213,289,164,156,155,151,180,180,71,73,52,45,45,45,27,82,15,100,100,100,100,142,104,104,87,87,70,70,63,63,63,63,63,63,63,63,63,104,104,104,104,104,104,104,0,111,89,111,111,111,112,112,0,0,0,0,0,0]} 1. d4 d5 2. c4 dxc4 3. e4 b5 4. a4 c6 5. b3 (5. Nc3 a6 6. Nf3 e6 7. Be2 Nf6 8. axb5 cxb5 9. Nxb5 axb5 10. Rxa8 Bb7 11. Ra1 Bb4+ 12. Bd2 Bxd2+ 13. Qxd2 Nxe4 {0-1 (36) Korobov,A (2652)-Andreikin,D (2712) Huaian 2017}) 5... cxb3 6. axb5 {D20: Queen's Gambit Accepted: 3 e3 and 3 e4} e6 7. Nf3 cxb5 ({Black should play} 7... Nf6 $14) 8. Bxb5+ $16 {White is better.} (8. Qxb3 $6 b4 $11) 8... Bd7 9. Qxb3 $146 ({Predecessor:} 9. Bxd7+ Nxd7 10. Qxb3 Ngf6 11. Nbd2 Be7 12. Qb7 Qb8 13. Qxb8+ Nxb8 14. Ke2 O-O {1-0 (40) Rathke,J-Palenta,A Bergneustadt 2000}) 9... Qb6 $2 (9... a5 $16) 10. Nc3 $18 a5 11. O-O Bb4 12. Bc4 $1 Ne7 13. Be3 {Black must now prevent d5.} O-O 14. d5 Qc7 15. Rfc1 ({Not} 15. dxe6 Bxe6 16. Bxe6 Qxc3 $16) 15... e5 16. Nb5 Bxb5 17. Bxb5 Qd6 18. Nd2 Nc8 19. Rc4 Nb6 (19... Bxd2 $142 20. Bxd2 Qb6) 20. Rc2 N8d7 21. Rc6 Qb8 22. Nf3 ({White should try} 22. Qd3) 22... Nc8 $16 23. Bd3 Nd6 24. Nh4 g6 25. Qc2 Qd8 26. Nf3 Qe7 27. Nd2 Rfc8 28. Nc4 Rcb8 29. Nb6 (29. Nxd6 $142 Bxd6 30. Ra4) 29... Nxb6 30. Bxb6 Rb7 31. h3 h5 32. Qa4 Qd7 $2 {[%mdl 8192] [#]} (32... Nc8 $16 33. Be3 (33. Bxa5 Bxa5 34. Ra6 Rxa6 $14) 33... Qd8) 33. Be3 $2 (33. Qxb4 $1 $18 {[%mdl 512] is the precise move to win.} axb4 34. Rxa8+ Kh7 35. Rd8) 33... Qd8 34. Rac1 h4 (34... Ne8 $16 35. Qa1 Bd6) 35. Kh2 (35. Qa1 $18) 35... Qe7 36. Rb1 Rbb8 37. f3 Rb7 38. Ba6 Rbb8 39. Rbc1 Qe8 {And now ...Rxa6! would win.} 40. Qa1 Qe7 41. Rc7 (41. Qa2 $16) 41... Qf6 $2 (41... Qd8 $1 $14 42. R7c6 (42. Qxe5 Nc4 $17 {[%mdl 64] Clearance}) 42... Qe7) 42. R1c6 $18 {Strongly threatening Bb7!} Re8 43. Bb5 (43. Qc1 $142) 43... Re7 {aiming for ...Rxc7.} 44. Ba4 Rxc7 45. Rxc7 Rc8 {[#]} 46. Rxc8+ (46. Rc6 $1 $18 {and White stays clearly on top.}) 46... Nxc8 $16 47. Qc1 Qd8 $1 48. Bg5 Be7 49. Bxe7 (49. Bd2 {feels hotter.} Bb4 50. Be3 f6 51. Bf2 g5 52. Qc6) 49... Nxe7 {[#]} 50. Qc3 (50. Qb2 $1 $16) 50... Qd6 (50... g5 $11) 51. Qxa5 Kg7 52. Qd2 f6 53. Qe1 g5 54. Qd2 Nc8 55. Be8 Qd8 56. Bh5 Nd6 57. Qe3 Qc7 58. Bg4 Ne8 59. Be6 Nd6 60. Qa3 Qe7 61. Qc5 Kh7 62. Qc6 Qd8 63. Bd7 Qe7 64. Be6 Qd8 $1 65. Qa4 Qe7 66. Qa8 {Qg8+ is the strong threat.} Ne8 67. Qc8 Kg7 68. d6 (68. Bg4 $16) 68... Nxd6 $11 {The position is equal.} 69. Qg8+ Kh6 70. Bg4 {Hoping for Qh8+.} Qg7 {Accuracy: White = 42%, Black = 48%.} 1/2-1/2

[Event "2nd China Binhai Open 2020"]
[Site "Tianjin"]
[Date "2020.01.13"]
[Round "2.19"]
[White "Lin, Peisen"]
[Black "Nie, Xinyang"]
[Result "0-1"]
[WhiteElo "1962"]
[BlackElo "2348"]
[PlyCount "68"]
[EventDate "2020.01.13"]
[EventType "swiss"]
[EventRounds "9"]
[EventCountry "CHN"]
[TimeControl "5400+30"]

1. e4 b6 2. d4 Bb7 3. Nc3 e6 4. Nf3 Bb4 5. Bd3 Nf6 6. Qe2 d5 7. exd5 Nxd5 8. Bd2 Nxc3 9. bxc3 Bd6 10. O-O Nd7 11. Ng5 Nf6 12. Rfe1 O-O 13. Ne4 Nxe4 14. Bxe4 Bxe4 15. Qxe4 Qd7 16. c4 Rfe8 17. Rad1 Qa4 18. Qd3 Rad8 19. Qb3 Qa6 20. Be3 h6 21. a4 Qc8 22. a5 e5 23. d5 Qd7 24. Rb1 Qe7 25. Qb5 f5 26. f3 e4 27. Bf2 Qg5 28. fxe4 fxe4 29. Qb3 Rf8 30. Bd4 Rf3 31. Re3 Rdf8 32. Rbe1 R8f5 33. Qb5 Bxh2+ 34. Kh1 Qh4 0-1

[Event "2nd China Binhai Open 2020"]
[Site "Tianjin"]
[Date "2020.01.13"]
[Round "2.20"]
[White "Zhai, Mo"]
[Black "Yang, Yijing"]
[Result "1-0"]
[WhiteElo "2366"]
[BlackElo "2027"]
[Annotator "TA"]
[PlyCount "97"]
[EventDate "2020.01.13"]
[EventType "swiss"]
[EventRounds "9"]
[EventCountry "CHN"]

{[%evp 15,97,16,127,125,131,125,121,134,135,116,123,122,111,115,112,109,135,137,135,119,140,132,137,135,140,134,149,134,146,137,132,129,135,121,121,121,124,127,122,114,131,127,127,129,131,127,128,127,135,123,141,141,148,144,145,127,123,106,130,117,142,125,124,125,131,140,154,152,156,150,216,210,253,232,460,455,793,787,776,742,725,691,800,784]} 1. c4 Nf6 2. Nc3 e6 3. d4 d5 4. cxd5 exd5 5. Bg5 c6 6. e3 Be7 7. Qc2 h6 8. Bh4 Ne4 (8... O-O $11 {keeps the balance.}) 9. Bxe7 $16 {D36: Queen's Gambit Declined: Exchange Variation: Main line (5 Bg5 c6 6 Qc2)} Kxe7 (9... Qxe7 10. Nxd5 cxd5 11. Qxc8+ Qd8 12. Qxb7 O-O 13. Bd3 Qa5+ 14. Kf1 Nd2+ 15. Ke2 Nc6 16. Qxc6 Nb3 {1-0 (33) Gstach,J (2276)-Hupfer,R (2136) Austria 2019}) 10. Nxe4 dxe4 11. Qxe4+ {White is better.} Be6 12. Ne2 Nd7 13. Nc3 Qb6 $146 ({Predecessor:} 13... Nf6 14. Qc2 Re8 15. Be2 Kf8 16. O-O Kg8 {1-0 (68) Kazubek,K (1933)-Kasny,M Chorzow 2008}) 14. Qc2 Nf6 15. Bd3 Rhd8 16. O-O Kf8 17. Rab1 a5 18. Bf5 Bxf5 19. Qxf5 Kg8 20. Rfc1 a4 21. Ne2 Ra5 22. Qc2 Re8 23. Nc3 Qb4 24. Rd1 Qc4 25. Qd3 Qxd3 26. Rxd3 Nd5 27. Rc1 Nxc3 28. Rdxc3 {[%mdl 4096] Endgame KRR-KRR} Rb5 29. R1c2 Ra8 30. Kf1 Kf8 31. Ke2 Ke7 32. Rc5 {[#] Hoping for Rxb5.} Rxc5 33. Rxc5 {KR-KR} Kd6 34. Kd3 b6 35. Rc4 f5 36. f3 Ra5 37. Rc1 Rb5 38. Kc3 Ra5 39. Rg1 Ke6 40. g4 Kf6 41. Rg2 fxg4 42. fxg4 Kg5 (42... Ke6 $16 43. h4 c5) 43. e4 Ra7 44. d5 Kf4 $2 {[#]} (44... cxd5 45. exd5 Kf6) 45. dxc6 $18 {White is clearly winning.} Rc7 (45... Ke5 $142 46. Rc2 Kd6) 46. Kd4 Rxc6 47. Rf2+ Kxg4 48. e5 Kh3 49. Kd5 {Accuracy: White = 75%, Black = 45%.} 1-0

[Event "2nd China Binhai Open 2020"]
[Site "Tianjin"]
[Date "2020.01.13"]
[Round "2.22"]
[White "Li, Bo"]
[Black "Hong, Xing"]
[Result "1-0"]
[WhiteElo "2308"]
[BlackElo "1971"]
[Annotator "TA"]
[PlyCount "93"]
[EventDate "2020.01.13"]
[EventType "swiss"]
[EventRounds "9"]
[EventCountry "CHN"]

{[%evp 12,93,43,52,58,29,39,35,51,46,45,46,74,78,90,33,50,37,33,25,40,30,69,62,82,72,70,56,344,322,338,332,340,312,708,735,719,726,676,689,670,547,505,480,483,509,504,497,488,470,512,490,504,491,346,247,250,243,282,282,295,295,295,247,326,322,304,271,356,341,704,604,458,390,362,337,874,874,3671,2221,2008,1597,5181,3078]} 1. d4 Nf6 2. c4 g6 3. Nc3 d5 4. Nf3 Bg7 5. Qb3 dxc4 6. Qxc4 a6 7. Bf4 c6 {D96: Grünfeld: Russian System (5 Qb3): sidelines} 8. e3 (8. e4 O-O 9. Be2 Nbd7 10. e5 Nd5 11. Nxd5 cxd5 12. Qb3 Nb8 13. O-O Nc6 14. h3 f6 15. exf6 exf6 {½-½ (29) Kuljasevic,D (2560)-Kulaots,K (2577) Zadar 2011}) 8... b5 9. Qb3 Nbd7 {White is slightly better.} 10. a4 $146 {[%cal Ra4b5]} ({Predecessor:} 10. Rd1 Qb6 {½-½ (10) Egyed,A (2205)-Rausz,A (2245) Hungary 1992}) 10... Bb7 11. Be2 O-O 12. O-O Nh5 {[#]} 13. Bg5 (13. Be5 $1 $16) 13... h6 $14 14. Bh4 $36 {[%mdl 2048] White fights for an advantage.} g5 15. Bg3 Nxg3 16. hxg3 e5 17. Rfd1 Qb6 18. Qc2 Rae8 19. Ne4 f5 $2 {[%mdl 8192]} (19... exd4 $14 20. Nd6 Re6 21. Nxb7 Qxb7) 20. Nd6 $18 e4 21. Ne5 ({Not} 21. Nxe8 exf3 22. Bxf3 Rxe8 $16) 21... Bxe5 22. Nxe8 ({Don't do} 22. dxe5 $6 Re7 $18) 22... Bb8 $2 (22... Rxe8 23. dxe5 Nxe5) 23. Qb3+ Kh7 24. Qe6 Qd8 25. Bh5 {[#] White wants to mate with Qg6+.} Nf6 26. Qxf5+ Kh8 27. Nxf6 Qxf6 28. Qxf6+ Rxf6 29. Bg4 Kg7 30. Rdc1 Kf7 31. Rc5 Ke7 32. Rac1 Bd6 33. Rxc6 Bxc6 34. Rxc6 bxa4 35. Rxa6 Bb4 36. Rxf6 ({Much less strong is} 36. Rxa4 $6 Be1 $18) 36... Kxf6 {[%mdl 4096] Endgame KB-KB} 37. Bd1 a3 38. bxa3 Bxa3 39. Bc2 Kf5 40. f3 Bb4 $2 (40... g4 41. Bxe4+ Ke6) 41. Bxe4+ Kf6 42. Kf2 h5 43. f4 h4 $2 (43... Bd2 44. Bc6 Ke7) 44. gxh4 {White is clearly winning.} gxh4 45. Kf3 Bd2 46. Bc6 Bc3 47. d5 {Accuracy: White = 79%, Black = 30%.} 1-0

[Event "2nd China Binhai Open 2020"]
[Site "Tianjin"]
[Date "2020.01.13"]
[Round "2.23"]
[White "Xi, Qi"]
[Black "Lin Zhaochen"]
[Result "1/2-1/2"]
[WhiteElo "2261"]
[BlackElo "1934"]
[PlyCount "109"]
[EventDate "2020.01.13"]
[EventType "swiss"]
[EventRounds "9"]
[EventCountry "CHN"]
[TimeControl "5400+30"]

1. d4 d5 2. c4 e6 3. Nc3 Be7 4. Nf3 Nf6 5. Bf4 O-O 6. e3 Nbd7 7. cxd5 Nxd5 8. Nxd5 exd5 9. a3 c6 10. Bd3 Re8 11. O-O g6 12. b4 a6 13. Qb3 Nb6 14. a4 Be6 15. Nd2 Bd6 16. Bxd6 Qxd6 17. Rfc1 Nd7 18. Qc3 Rec8 19. h3 Qe7 20. Nb3 Nf6 21. Nc5 Ne8 22. Qb3 Nd6 23. b5 axb5 24. axb5 Rxa1 25. Rxa1 b6 26. Nxe6 Qxe6 27. bxc6 Rxc6 28. Re1 Ne8 29. e4 Nf6 30. e5 Ne8 31. Bb5 Rc8 32. Qa4 Qe7 33. Bc6 Nc7 34. Rb1 Rb8 35. Qa7 Qd8 36. Rxb6 Rxb6 37. Qxb6 Qg5 38. g3 Qd8 39. h4 Kg7 40. Kf1 Kg8 41. Ke2 h5 42. Kd3 Kg7 43. Bxd5 Qxd5 44. Qxc7 Qf3+ 45. Kc4 Qxf2 46. Qd8 Qxg3 47. Qf6+ Kg8 48. d5 Qa3 49. e6 Qa4+ 50. Kc5 Qa5+ 51. Kd6 Qb6+ 52. Kd7 Qb5+ 53. Ke7 Qb7+ 54. Kd8 Qb6+ 55. Kd7 1/2-1/2

[Event "2nd China Binhai Open 2020"]
[Site "Tianjin"]
[Date "2020.01.13"]
[Round "2.24"]
[White "Zhang, Lanlin"]
[Black "Zhu, Chenxi"]
[Result "1/2-1/2"]
[WhiteElo "2173"]
[BlackElo "1286"]
[PlyCount "105"]
[EventDate "2020.01.13"]
[EventType "swiss"]
[EventRounds "9"]
[EventCountry "CHN"]
[TimeControl "5400+30"]

1. e4 c5 2. Nf3 d6 3. d4 cxd4 4. Nxd4 Nf6 5. Nc3 a6 6. Be3 e5 7. Nb3 Be6 8. f3 Be7 9. Qd2 Nbd7 10. O-O-O O-O 11. g4 b5 12. g5 b4 13. Ne2 Ne8 14. f4 a5 15. f5 a4 16. Nbd4 exd4 17. Nxd4 b3 18. Kb1 bxc2+ 19. Nxc2 Bb3 20. axb3 axb3 21. Na3 Ne5 22. Qc3 Bxg5 23. Bxg5 Qxg5 24. Bc4 Nf6 25. Rhg1 Qf4 26. Qg3 Qxg3 27. Rxg3 Rxa3 28. bxa3 Nxc4 29. Rxb3 Nxe4 30. Ka2 Nf6 31. a4 d5 32. Rb5 Ne4 33. Rd3 Nf6 34. Rdb3 g6 35. fxg6 hxg6 36. Rb8 Ne4 37. R8b5 Ra8 38. Rb8+ Rxb8 39. Rxb8+ Kg7 40. Rd8 Nc5 41. Rxd5 Nxa4 42. Kb3 Nab6 43. Rb5 f5 44. Kc3 Kf6 45. h4 Nc8 46. Kd4 N8d6 47. Rb3 f4 48. Rh3 Kf5 49. h5 Kg4 50. hxg6 Kxh3 51. g7 Nf5+ 52. Ke4 Nxg7 53. Kxf4 1/2-1/2

[Event "2nd China Binhai Open 2020"]
[Site "Tianjin"]
[Date "2020.01.13"]
[Round "2.25"]
[White "Qiu, Mengjie"]
[Black "Li, Konstantin N."]
[Result "1-0"]
[WhiteElo "2167"]
[BlackElo "1454"]
[PlyCount "69"]
[EventDate "2020.01.13"]
[EventType "swiss"]
[EventRounds "9"]
[EventCountry "CHN"]
[TimeControl "5400+30"]

1. e4 e5 2. Nf3 Nc6 3. Bb5 a6 4. Ba4 Nf6 5. O-O Be7 6. Re1 b5 7. Bb3 d6 8. c3 Na5 9. Bc2 c5 10. d4 Nc6 11. d5 Na5 12. h3 O-O 13. Nbd2 Re8 14. b3 c4 15. b4 Nb7 16. a4 Bd7 17. axb5 Bxb5 18. Ba4 Qd7 19. Bxb5 Qxb5 20. Nb1 Rec8 21. Na3 Qd7 22. Nd2 a5 23. Naxc4 Qd8 24. Bb2 axb4 25. cxb4 Nd7 26. Qe2 Nb6 27. Na5 Nxa5 28. bxa5 Rc2 29. axb6 Rxb2 30. Rxa8 Qxa8 31. Rb1 Qa2 32. Rxb2 Qxb2 33. Qa6 Qxd2 34. Qc8+ Bf8 35. b7 1-0

[Event "2nd China Binhai Open 2020"]
[Site "Tianjin"]
[Date "2020.01.13"]
[Round "2.26"]
[White "Du, Yuxin"]
[Black "Wang, Zeyu"]
[Result "1/2-1/2"]
[WhiteElo "2073"]
[BlackElo "1395"]
[PlyCount "108"]
[EventDate "2020.01.13"]
[EventType "swiss"]
[EventRounds "9"]
[EventCountry "CHN"]
[TimeControl "5400+30"]

1. e4 e6 2. d4 d5 3. Nd2 Nf6 4. e5 Nfd7 5. Bd3 c5 6. c3 Nc6 7. Ne2 cxd4 8. cxd4 f6 9. exf6 Nxf6 10. Nf3 Bd6 11. O-O Qc7 12. Bg5 O-O 13. Bh4 Nh5 14. Qc2 h6 15. Bg6 Nf4 16. Nxf4 Bxf4 17. Bg3 Bd7 18. Rfe1 Bxg3 19. hxg3 Qd6 20. Rad1 Be8 21. Ne5 Nxe5 22. Bh7+ Kh8 23. Rxe5 Bd7 24. Bd3 Rac8 25. Qd2 Qb6 26. Bb1 Qa6 27. Re3 Rf6 28. Ra3 Qb6 29. Qd3 g6 30. Qd2 Kg7 31. g4 Rcf8 32. Rh3 Rh8 33. g5 hxg5 34. Rxh8 Kxh8 35. Qxg5 Kg7 36. b3 Qd6 37. Rc1 Bc6 38. g3 Qb4 39. Qe3 Qd6 40. Kg2 Qf8 41. Rh1 a6 42. Qh6+ Kf7 43. Qxf8+ Kxf8 44. Rh7 Kg8 45. Rc7 Rf7 46. Rxf7 Kxf7 47. Kf3 Kf6 48. Kf4 Be8 49. Bd3 Bd7 50. f3 Be8 51. a3 Bd7 52. Ke3 Be8 53. Kd2 Ke7 54. Kc3 Kd6 1/2-1/2

[Event "2nd China Binhai Open 2020"]
[Site "Tianjin"]
[Date "2020.01.13"]
[Round "2.27"]
[White "Zhang, Yichi"]
[Black "Zhou, Yichen"]
[Result "0-1"]
[WhiteElo "1638"]
[BlackElo "1536"]
[PlyCount "136"]
[EventDate "2020.01.13"]
[EventType "swiss"]
[EventRounds "9"]
[EventCountry "CHN"]
[TimeControl "5400+30"]

1. d4 Nf6 2. c4 e6 3. Nc3 Bb4 4. a3 Bxc3+ 5. bxc3 O-O 6. f3 d5 7. cxd5 exd5 8. e3 c5 9. Bd3 Nc6 10. Ne2 b6 11. O-O Bb7 12. dxc5 bxc5 13. Bb2 Re8 14. Bc1 Ne5 15. Ng3 Nxd3 16. Qxd3 g6 17. Re1 h5 18. Bd2 Nd7 19. e4 Ne5 20. Qc2 h4 21. Nh1 dxe4 22. fxe4 h3 23. Ng3 hxg2 24. Kxg2 Qd3 25. Qxd3 Nxd3 26. Re3 Rad8 27. Rf1 f5 28. Kg1 f4 29. Ref3 fxg3 30. Rxg3 Bxe4 31. Be3 Rf8 32. Rxf8+ Rxf8 33. h4 Rf3 34. Rxf3 Bxf3 35. Kh2 a5 36. Kg3 Be4 37. Kg4 Kf7 38. h5 gxh5+ 39. Kxh5 Ke6 40. c4 Kd6 41. Bd2 a4 42. Kg5 Bh7 43. Kg4 Ne5+ 44. Kf4 Nxc4 45. Bc1 Kd5 46. Kf3 Kd4 47. Ke2 Kc3 48. Kd1 Kb3 49. Bg5 Nxa3 50. Be7 c4 51. Kc1 Nb5 52. Bf6 c3 53. Be7 a3 54. Bxa3 Nxa3 55. Kd1 Kb2 56. Ke2 c2 57. Kf2 Bg8 58. Kf3 c1=Q 59. Ke4 Qg5 60. Kd4 Qf4+ 61. Kc5 Qe5+ 62. Kc6 Qd5+ 63. Kc7 Nb5+ 64. Kb6 Kb3 65. Ka6 Kb4 66. Kb6 Qd6+ 67. Kb7 Qc7+ 68. Ka8 Qa7# 0-1

[Event "2nd China Binhai Open 2020"]
[Site "Tianjin"]
[Date "2020.01.13"]
[Round "2.28"]
[White "Guo, Weibao"]
[Black "Weng, Xintong"]
[Result "1-0"]
[WhiteElo "1905"]
[BlackElo "1572"]
[PlyCount "127"]
[EventDate "2020.01.13"]
[EventType "swiss"]
[EventRounds "9"]
[EventCountry "CHN"]
[TimeControl "5400+30"]

1. d4 d5 2. c4 e6 3. Nf3 Nf6 4. e3 Nbd7 5. Nc3 Bb4 6. Bd2 c6 7. Bd3 dxc4 8. Bxc4 b5 9. Bd3 Bb7 10. O-O O-O 11. Qc2 a6 12. Ne4 Bxd2 13. Nfxd2 h6 14. Nc5 Nxc5 15. dxc5 Qe7 16. Ne4 Nxe4 17. Bxe4 Rfd8 18. Rad1 Rxd1 19. Rxd1 Rd8 20. b4 Rd7 21. g3 Qd8 22. Rxd7 Qxd7 23. Kg2 Kf8 24. Bf3 Kg8 25. Qc3 Qd8 26. Qe5 Kf8 27. h4 Kg8 28. Be4 Kf8 29. Qf4 Kg8 30. Kh2 h5 31. Bf3 g6 32. Kg2 Kg7 33. Qe5+ Kg8 34. Be4 Qd7 35. Qb8+ Kg7 36. Bf3 Qe7 37. Qe5+ Kg8 38. Kf1 Qd8 39. Ke2 Kf8 40. Be4 Qd7 41. Qf6 Kg8 42. Qe5 Kf8 43. Qh8+ Ke7 44. Qb8 f5 45. Bf3 Kf6 46. Qf8+ Qf7 47. Qh8+ Qg7 48. Qe8 Qc7 49. Qf8+ Qf7 50. Qd6 Qe7 51. Qxe7+ Kxe7 52. e4 Kf6 53. Ke3 Ke5 54. exf5 exf5 55. Bd1 Bc8 56. Bb3 Be6 57. Bxe6 Kxe6 58. Kf4 Kf6 59. f3 Ke6 60. Kg5 Kf7 61. Kh6 Kf6 62. Kh7 Kf7 63. f4 Kf6 64. Kg8 1-0

[Event "2nd China Binhai Open 2020"]
[Site "Tianjin"]
[Date "2020.01.13"]
[Round "2.29"]
[White "Guan, Runpei"]
[Black "Cai, Zhuoran"]
[Result "0-1"]
[WhiteElo "1561"]
[BlackElo "1902"]
[PlyCount "116"]
[EventDate "2020.01.13"]
[EventType "swiss"]
[EventRounds "9"]
[EventCountry "CHN"]
[TimeControl "5400+30"]

1. d4 Nf6 2. c4 e6 3. Nf3 b6 4. g3 Bb7 5. Bg2 Be7 6. O-O O-O 7. Nc3 d5 8. Ne5 Nbd7 9. cxd5 Nxd5 10. Nxd7 Qxd7 11. e4 Nxc3 12. bxc3 Rac8 13. Qg4 Rfd8 14. Bh6 Bf8 15. Bg5 Be7 16. Rfd1 Bxg5 17. Qxg5 Qa4 18. d5 Qb5 19. Qg4 Re8 20. e5 Bxd5 21. a4 Qc5 22. Bxd5 exd5 23. Rac1 Rcd8 24. Qd4 Qe7 25. f4 f6 26. Re1 fxe5 27. Rxe5 Qc5 28. Kg2 Qxd4 29. cxd4 Rxe5 30. fxe5 Rd7 31. Rc6 Kf8 32. Kf3 Rf7+ 33. Kg4 a5 34. h4 Ke8 35. e6 Rf6 36. Rxc7 Rxe6 37. Rxg7 Re4+ 38. Kf5 Rxd4 39. Rxh7 Rxa4 40. Ke6 Kf8 41. Kxd5 Rg4 42. Kc6 Rb4 43. h5 a4 44. h6 Kg8 45. Rg7+ Kh8 46. g4 a3 47. g5 Ra4 48. g6 a2 49. Rd7 Ra8 50. Rh7+ Kg8 51. Rg7+ Kf8 52. Rf7+ Ke8 53. Kd6 a1=Q 54. Re7+ Kd8 55. Rd7+ Kc8 56. Rc7+ Kb8 57. Rf7 Ra5 58. g7 Qe5+ 0-1

[Event "2nd China Binhai Open 2020"]
[Site "Tianjin"]
[Date "2020.01.13"]
[Round "2.30"]
[White "Tian, Jialin"]
[Black "Song, Ethan"]
[Result "1-0"]
[WhiteElo "1902"]
[BlackElo "1494"]
[PlyCount "111"]
[EventDate "2020.01.13"]
[EventType "swiss"]
[EventRounds "9"]
[EventCountry "CHN"]
[TimeControl "5400+30"]

1. e4 e5 2. Nf3 Nc6 3. Bb5 Nf6 4. d3 d6 5. c3 a6 6. Ba4 b5 7. Bc2 Be7 8. Nbd2 O-O 9. O-O Be6 10. Re1 Na7 11. d4 exd4 12. cxd4 c5 13. d5 Bg4 14. h3 Bh5 15. Nf1 Nd7 16. Bf4 f6 17. g4 Bg6 18. Bg3 Ne5 19. Nh4 Be8 20. Ne3 g6 21. Nhg2 c4 22. Nf4 Bf7 23. Kg2 Qd7 24. Ne2 Qc7 25. Nd4 Rab8 26. f4 Nd7 27. Ne6 Bxe6 28. dxe6 Nb6 29. Nd5 Nxd5 30. exd5 Rfc8 31. h4 b4 32. h5 Kg7 33. Rh1 Rh8 34. Rc1 Qa5 35. h6+ Kf8 36. Qd4 Nc8 37. g5 Qb6 38. Bf2 Qxd4 39. Bxd4 Rg8 40. gxf6 Bxf6 41. Bxf6 Ne7 42. Be4 Rc8 43. Rc2 Ke8 44. Rhc1 Rf8 45. Bg5 Nf5 46. Bxf5 Rxf5 47. Rxc4 Rxc4 48. Rxc4 Rxg5+ 49. fxg5 b3 50. axb3 Kd8 51. Rc6 a5 52. Rxd6+ Kc7 53. Rc6+ Kd8 54. d6 a4 55. bxa4 Ke8 56. Rc8# 1-0

[Event "2nd China Binhai Open 2020"]
[Site "Tianjin"]
[Date "2020.01.13"]
[Round "2.31"]
[White "Xu, Zicheng"]
[Black "Xu, Nuo"]
[Result "1/2-1/2"]
[WhiteElo "1448"]
[BlackElo "1891"]
[PlyCount "125"]
[EventDate "2020.01.13"]
[EventType "swiss"]
[EventRounds "9"]
[EventCountry "CHN"]
[TimeControl "5400+30"]

1. d4 Nf6 2. Nf3 e6 3. Bf4 b6 4. e3 Bb7 5. Bd3 c5 6. c3 d5 7. O-O Be7 8. h3 O-O 9. Nbd2 Nbd7 10. Re1 Nh5 11. Bh2 f5 12. Ne5 Nhf6 13. f4 a6 14. Ndf3 Ne4 15. Qe2 Ndf6 16. Red1 b5 17. g4 Qe8 18. Qe1 a5 19. Nh4 c4 20. Be2 Nd7 21. Nhf3 b4 22. Rab1 Nb6 23. Bg3 Na4 24. Rdc1 Rb8 25. Nh4 Ba8 26. Bf3 bxc3 27. b3 Nd2 28. bxa4 Rxb1 29. Rxb1 Nxb1 30. Qxb1 Qxa4 31. Bd1 Qb4 32. Qc2 g6 33. Nhf3 Qb2 34. Qa4 Rd8 35. Be1 Qc1 36. Kf2 Qa3 37. Qc2 Bb4 38. Ng5 Rd6 39. gxf5 exf5 40. Nef7 Rf6 41. Ne5 Qb2 42. Nd7 Rd6 43. Ne5 Rb6 44. Nd7 Rd6 45. Ne5 Kg7 46. Kf1 Qxc2 47. Bxc2 h6 48. Ngf3 Bc6 49. Nxc6 Rxc6 50. Ne5 Rb6 51. a4 Rb7 52. Ke2 Kf6 53. h4 Rh7 54. Nf3 Rh8 55. Kf2 Rb8 56. Ne5 Kg7 57. Ke2 Rb7 58. Nf3 Re7 59. Kf2 Re6 60. Ne5 Rb6 61. Ke2 Rb7 62. Nf3 Rb8 63. Ne5 1/2-1/2